Do you have paying guests? (Record no. 108955)

MARC details
000 -LEADER
fixed length control field 01197cad a22002415a 4500
001 - CONTROL NUMBER
control field L145874
008 - FIXED-LENGTH DATA ELEMENTS--GENERAL INFORMATION
fixed length control field 081119e20081118xxkado f 000 0 eng d
020 ## - INTERNATIONAL STANDARD BOOK NUMBER
International Standard Book Number 9781409805311
035 ## - SYSTEM CONTROL NUMBER
System control number (Sirsi) u145874
041 0# - LANGUAGE CODE
Language code of text/sound track or separate title eng
050 04 - LIBRARY OF CONGRESS CALL NUMBER
Classification number 692.21 $2 18
110 2# - MAIN ENTRY--CORPORATE NAME
Corporate name or jurisdiction name as entry element Chief Fire Officers' Association
9 (RLIN) 4943
245 00 - TITLE STATEMENT
Title Do you have paying guests?
Medium [electronic resource]
260 ## - PUBLICATION, DISTRIBUTION, ETC.
Place of publication, distribution, etc. London
Name of publisher, distributor, etc. DCLG
Date of publication, distribution, etc. 2008
505 2# - FORMATTED CONTENTS NOTE
Formatted contents note Your responsibilities under the law -- Fire safety risk assessment, the five key steps -- Checklist -- An example risk assessment form -- Questions and answers -- Advice and information
520 ## - SUMMARY, ETC.
Summary, etc. Guidance from the Chief Fire Officers' Association (CFOA) offers specific advice to businesses in the hospitality industry struggling to understand the new rules. Encourages compliance by offering advice, further sources of information and checklists to ensure compliance.
521 ## - TARGET AUDIENCE NOTE
Target audience note Advanced
590 ## - LOCAL NOTE (RLIN)
Local note KA
651 #4 - SUBJECT ADDED ENTRY--GEOGRAPHIC NAME
Geographic name England and Wales
Chronological subdivision 1543-
690 ## - LOCAL SUBJECT ADDED ENTRY--TOPICAL TERM (OCLC, RLIN)
Topical term or geographic name as entry element MANAGEMENT-HEALTH AND SAFETY-FIRE SAFETY
856 48 - ELECTRONIC LOCATION AND ACCESS
Uniform Resource Identifier <a href="https://www.communities.gov.uk/documents/fire/pdf/payingguests.pdf">https://www.communities.gov.uk/documents/fire/pdf/payingguests.pdf</a>
Public note View the item free of charge online at www.communities.gov.uk...
942 ## - ADDED ENTRY ELEMENTS (KOHA)
Suppress in OPAC 0
Holdings
Withdrawn status Lost status Source of classification or shelving scheme Damaged status Not for loan Home library Current library Shelving location Date acquired Total Checkouts Full call number Barcode Date last seen Copy number Price effective from Koha item type
    Dewey Decimal Classification     Virtual Virtual Online 19/11/2008   ONLINE PUBLICATION 145874-1001 06/08/2019 1 06/08/2019 Book